000 00522nam a2200181Ia 4500
001 24586
005 20260414151053.0
008 260414t2016||||xx |||||||||||||| ||spa||
041 _aESP
082 _a345.721
_bB141 V. 33
100 _aGushiken Doy, Juan Diego
_eAUT
245 0 _aArbitraje :
_bdispute boards: mecanismo de prevención y solución de disputas en los contratos de construcción
260 _c2016
300 _a551 páginas :
_c24 cm.
650 _aDER
654 _aCDE
942 _cLIB
_dJUS
_fJUS
_2ddc
_n
999 _c24586
_d24586